Dlouhý, široký a bystrozraký národní pohádka podle K. J. Erbena

Bibliographic Details
Main Author: Jílek, Jan, 1933- (Author)
Format: Book
Language:English
PhysicalDescription:44 s.
Published: Praha Dilia 1975

MARC

LEADER 00000nam a2200000 a 4500
001 vtls008296506
003 SK-MaSNL
005 20260301020030.0
008 240315 000 0 eng
040 |a SNK  |b slo  |c SNK  |e AACR2 
100 1 |a Jílek, Jan,  |d 1933-  |4 aut  |9 116477 
245 1 |a Dlouhý, široký a bystrozraký  |b národní pohádka podle K. J. Erbena 
260 |a Praha  |b Dilia  |c 1975 
300 |a 44 s. 
500 |a rukopis 
999 |c 562068  |d 563998 
952 |a SNK  |b SNK  |y VYP  |7 0  |p 17A0483440  |o snkIB 34155  |i snkKIP 2323/76  |3 rekatalogizácia  |0 0  |1 0  |4 0  |d 2005-09-07  |l 0  |r 2026-02-23 13:46:08  |w 2026-02-23